Quizzes
Events
Quiz Creation
Community
Videos
Private Events
Remove Ads
Sign In
Join for FREE
Feedback
Dark Mode
Quiz Categories
Sports
Geography
Music
Movies
Television
Just For Fun
Miscellaneous
History
Literature
Language
Science
Gaming
Entertainment
Religion
Holiday
For Kids
Quiz Lab
Recent
Popular Today
Quiz Kudos Today
Editor Picks
Curator Picks
Quizzes by...
Day
Popularity
Type
Ratings
Length
Year
Community
Subscriptions
Recent Discussions
Orange Saloon
Badges
Playlists
Quests
Create
Leaderboards
Showdown
Live 5
Trivia Bingo
Activity
Puzzle Library
Sporcle Events
Private Events
Virtual Trivia
Globe League
Become a Host
Pub Owners
SporcleCon
Opinionation
Our Games
Videos
Blog
Mobile Apps
Partnerships
Remove Ads and Go Orange
Feedback
Sports
Athletes
MLB
NBA
NHL
NFL
Soccer
Sports Teams
WWE
NCAA
Football
Premier League
Basketball
Baseball
Hockey
Golf
Tennis
Cricket
Rugby
Auto Racing
Olympics
World Cup
Sports
Athletes
MLB
NBA
NHL
NFL
Soccer
Sports Teams
WWE
NCAA
Football
Premier League
Basketball
Baseball
Hockey
Golf
Tennis
Cricket
Rugby
Auto Racing
Olympics
World Cup
Random Quiz
Search Sporcle
×
Quiz Lab
Quiz Lab
Sports
NFL
Type in answers that appear in a list
Type in answers that appear in a list
Classic
Best Score? Go Orange.
ESPN Top 100 Offensive NFL Players of 2013 Stats
Can you name the Top 100 NFL Offensive Players of 2013 According to ESPN?
By
fanilyguy
18m
100 Questions
366 Plays
366 Plays
366 Plays
Comments
Comments
Give Quiz Kudos
Give Quiz Kudos
-
- Ratings
hide this ad
Replay
Link that replays current quiz
Next Quiz
Link to next quiz in quiz playlist
You Got
0%
They Got
Avg Score
76%
Avg Friend Score
Upgrade to see
Score Distribution
Jump to the score distribution portion of the page
Score
0/100
Timer
18:00
0
Plays Today
Rank
Player
% Correct
2
Calvin Johnson
99.7%
4
Tom Brady
99.5%
5
Peyton Manning
99.5%
6
Drew Brees
99.5%
12
Andre Johnson
99.5%
1
Aaron Rodgers
99.2%
17
Eli Manning
99.2%
68
Chris Johnson
99.2%
76
Stevie Johnson
99.2%
3
Adrian Peterson
98.9%
7
Larry Fitzgerald
98.1%
13
Julio Jones
97.8%
9
AJ Green
97.5%
8
Rob Gronkowski
97.3%
10
Joe Thomas
96.7%
35
Demaryius Thomas
96.4%
11
Jimmy Graham
95.6%
15
Ray Rice
95.6%
22
Matt Ryan
95.3%
41
Andrew Luck
95.3%
19
Roddy White
95.1%
14
Arian Foster
94.8%
21
Jason Witten
94.8%
27
Marshawn Lynch
94.8%
24
Ben Roethlisberger
94.5%
47
Russell Wilson
94.2%
93
DeSean Jackson
94.2%
28
Dez Bryant
94%
45
Vincent Jackson
94%
87
Steven Jackson
94%
20
Tony Gonzalez
93.4%
38
Lesean McCoy
93.2%
63
Torrey Smith
93.2%
71
Steve Smith
93.2%
Rank
Player
% Correct
18
Vernon Davis
92.9%
30
Jamaal Charles
92.9%
34
Victor Cruz
92.9%
40
Joe Flacco
92.9%
60
Anthony Davis
92.9%
23
Brandon Marshall
92.3%
37
Frank Gore
91.5%
62
Tony Romo
91.2%
100
Cam Newton
91.2%
42
Colin Kaepernick
91%
46
Robert Griffin III
90.4%
50
Maurice Jones-Drew
90.4%
36
Reggie Wayne
90.1%
48
Matt Forte
90.1%
97
Jay Cutler
89.9%
29
Wes Welker
89%
66
Jordy Nelson
88.8%
51
Doug Martin
87.9%
69
Antonio Gates
86.8%
75
Alfred Morris
85.8%
95
Antonio Brown
85.8%
33
Duane Brown
85.5%
94
Matthew Stafford
85.5%
43
Carl Nicks
85.2%
56
Hakeem Nicks
85.2%
55
Dwayne Bowe
84.4%
91
Heath Miller
84.1%
65
Marques Colston
83.8%
26
Percy Harvin
82.7%
58
CJ Spiller
82.7%
78
Michael Crabtree
82.7%
52
Mike Wallace
81.9%
64
Randall Cobb
81.9%
82
Eric Decker
81.1%
Rank
Player
% Correct
84
Trent Richardson
79.7%
77
Greg Jennings
79.5%
99
Miles Austin
78.9%
81
Jason Peters
77.5%
83
Anquan Boldin
77.3%
73
Mike Pouncey
67.1%
54
Maurkice Pouncey
66.8%
31
Nick Mangold
65.2%
67
Trent Williams
65.2%
39
Logan Mankins
58.4%
16
Ryan Clady
52.6%
61
Jake Long
51.8%
25
Joe Staley
51%
44
Jahri Evans
45.5%
80
D'Brickashaw Ferguson
41.1%
59
Matt Kalil
39.2%
70
Ryan Kalil
39.2%
32
Mike Iupati
37.3%
53
Marshal Yanda
36.4%
49
Russell Okung
34.5%
89
Nate Solder
30.7%
57
Max Unger
30.4%
98
Jordan Gross
26.6%
90
Andrew Whitworth
22.2%
79
Sebastian Vollmer
21.9%
86
Ben Grubbs
21.6%
74
Chris Myers
17.8%
72
John Sullivan
17.3%
96
Michael Roos
17%
85
Andy Levitre
16.4%
88
Evan Mathis
15.9%
92
Jonathan Goodwin
12.1%
Quiz Playlist
Details
Report
Send in Message
Add To Playlist
Classic:
Type in answers that appear in a list
Quiz Source
Last Updated: Feb 16, 2017
Quiz Scoreboard
CHALLENGE
Sign Up to Join the Scoreboard
Show All
Scores
Hide
Comments
May contain spoilers
Recently Published
Pick 6: Fruits
by JohnFran
Miscellaneous
15s
Click the 1999 NBA Draft
by nibperrychub
Sports
2m
Alphabetical 'K' Countries by Flag Minefield
by ylime102
Geography
3m
More to Explore
Quiz From the Vault
Featured Blog Post
15 Basketball Trivia Facts You Can Be March Mad About
hide this ad
You Might Also Like...
Tags
Football Quiz
NFL Quiz
100
ESPN
NFL Player
offense
Top 100
Today's Top Quizzes in Sports
Browse Sports
hide this ad
Today's Top Quizzes in NFL
Browse NFL
Top Contributed Quizzes in Sports
1
Don't Strike Out: 3000 Strikeouts
2
MLB 2 truths and a lie: Hall of Fame pitchers
3
MLB Players with Two .350 Batting Average Seasons
4
Last 10 Members of the 500 HR Club in Order
5
Criteria MLB: Left Handed Sluggers
6
One Time Final Four Teams
7
Millionaire: NBA Finals Edition
8
MLB Teams by First Game
9
Pitchers With Multiple No-Hitters
10
Pick 6: NFL Teams
Explore More
Trending Topics
Marvel
Crossword
Disney
Kpop
Anime
NBA
Harry Potter
Soccer
WWE
The Office
Puzzle
Song
Pokémon
NFL
Country
hide this ad
More By:
fanilyguy
Quiz
Plays
Rating
Category
Featured
Created
MLB Top 300 Career Hits
3,883
4.15
Sports
Mar 10, 2016
100 Deadliest Events in Human History
864
1.45
History
Oct 8, 2013
My Top 50 Quarterbacks of All-Time
680
5.00
Sports
Oct 24, 2016
Most WWE Matches By Year
601
4.50
Sports
Jun 5, 2016
Top 50 Roller Coasters in US and Canada
521
5.00
Miscellaneous
Oct 14, 2020
Go to Creator's Profile
Score Distribution
Quiz Creator Spotlight
fanilyguy
Follow
Send a Message
Quizzes Created
-
Created Quiz Play Count
-
More By This Creator
Popular Quizzes Today
1
Find the US States - No Outlines Minefield
2
Countries of Asia Without Outlines Minefield
3
Pick 6: Fruits
4
Alphabetical 'K' Countries by Flag Minefield
5
The Countries of the World
6
Click the 1999 NBA Draft
7
Find the US States
8
Match the Book to the Film X
More Sports Quizzes
Toronto Maple Leafs: Top 10 Art Ross Finish
Curator's Pick
Trending Quizzes
Pick 6: Harry Potter
Pick 6: Mountains
Pick 6: NFL Teams
Pick 6: Golfers
Pick 6: Movie Franchises
Recently Updated
Women's Final Four Teams by Year
bhenderson79
Presidents Quartet II
eogle
Anything But Clue(do)
eogle
Anything But Oceanian Capitals
eogle
Anything But 7
eogle
Anything But Thing
eogle
Word Ladder: February 29
pecheneg
Song Title Questions
pecheneg
Women's NCAA Tournament #1 Seeds
pecheneg
Celebrity Mug Shots
pecheneg
Trending Topics
Disney
Crossword
Anime
NBA
Kpop
Marvel
Harry Potter
Song
Soccer
Puzzle
The Office
Country
Pokémon
NFL
WWE
Your Account Isn't Verified!
In order to create a playlist on Sporcle, you need to verify the email address you used during registration. Go to your
Sporcle Settings
to finish the process.
Report this User
Report this user for behavior that violates our
Community Guidelines
.
Details:
Send Report
Go to the Sporcle.com Mobile Site →
Comments